| 000 | 00391nam a2200109Ia 4500 | ||
|---|---|---|---|
| 008 | 171204s9999 xx 000 0 und d | ||
| 245 | 4 | _aThe Social Child: Laying The Foundations Of Relationships And Language: | |
| 245 | _cToni Buchan | ||
| 260 | _c2013 | ||
| 650 | _xSPED 3: Psychology of Children with Social Needs | ||
| 856 | _uhttp://down.ebook777.com/027/TheSocChiLayTheFouOfRelAndLan.pdf | ||
| 999 |
_c346595 _d346595 |
||